UK leadership in high-tech manufacturing (Record no. 69791)
[ view plain ]
| 000 -LEADER | |
|---|---|
| fixed length control field | 01125cam a2200217 4500 |
| 001 - CONTROL NUMBER | |
| control field | WB3810-09 |
| 008 - FIXED-LENGTH DATA ELEMENTS--GENERAL INFORMATION | |
| fixed length control field | 020314n2002 000 0 eng u |
| 035 ## - SYSTEM CONTROL NUMBER | |
| System control number | (Sirsi) u117137 |
| 245 ## - TITLE STATEMENT | |
| Title | UK leadership in high-tech manufacturing |
| 260 ## - PUBLICATION, DISTRIBUTION, ETC. | |
| Date of publication, distribution, etc. | 2002 |
| 490 ## - SERIES STATEMENT | |
| Series statement | DTI Press Release |
| Volume/sequential designation | (P/2002/160) 13 March 2002, (3) |
| 520 ## - SUMMARY, ETC. | |
| Summary, etc. | The latest set of UK Competiveness Indicators from the DTI shows UK leadership in high-tech manufacturing exports including the knowledge based industries of aerospace, pharmaceuticals and telecoms. The Competiveness Indicators benchmark the UK's position against key international competitors in terms of innovation, skills, enterprise, investment and competition. The indicators are available at http://www.dti.gov.uk/opportunityforall. DTI Press Release at http://www.nds.coi.gov.uk/coi/coipress.nsf/2b45e1e3ffe090ac802567350059d840/40ac2680d2ba523880256b7b0058a608?OpenDocument |
| 590 ## - LOCAL NOTE (RLIN) | |
| Local note | WB |
| 650 ## - SUBJECT ADDED ENTRY--TOPICAL TERM | |
| Topical term or geographic name entry element | HIGH TECH INDUSTRIES |
| 650 ## - SUBJECT ADDED ENTRY--TOPICAL TERM | |
| Topical term or geographic name entry element | MANUFACTURING |
| 650 ## - SUBJECT ADDED ENTRY--TOPICAL TERM | |
| Topical term or geographic name entry element | COMPETITION |
| 650 ## - SUBJECT ADDED ENTRY--TOPICAL TERM | |
| Topical term or geographic name entry element | BENCHMARKING |
| 650 ## - SUBJECT ADDED ENTRY--TOPICAL TERM | |
| Topical term or geographic name entry element | EXPORTS |
| 690 ## - LOCAL SUBJECT ADDED ENTRY--TOPICAL TERM (OCLC, RLIN) | |
| Topical term or geographic name as entry element | ECONOMIC ISSUES |
| 942 ## - ADDED ENTRY ELEMENTS (KOHA) | |
| Suppress in OPAC | 0 |
| Withdrawn status | Lost status | Source of classification or shelving scheme | Damaged status | Not for loan | Home library | Current library | Shelving location | Date acquired | Total Checkouts | Full call number | Barcode | Date last seen | Copy number | Price effective from | Koha item type |
|---|---|---|---|---|---|---|---|---|---|---|---|---|---|---|---|
| Dewey Decimal Classification | London | London | News article | 14/03/2002 | WB3810-09 | 117137-1001 | 06/08/2019 | 1 | 06/08/2019 | News article |